| 000 | 01005cam a22001934a 4500 | ||
|---|---|---|---|
| 005 | 20250605164045.0 | ||
| 008 | 250528s ||||||||||||||||||||||||d | ||
| 035 | _a17109 | ||
| 020 | _a905762637 | ||
| 040 |
_aGR-AtMCL _bgre _dGR-AtMCL _eAACR2 |
||
| 245 | 1 | _aThe Political Economy of Imperialism / Its Theoretical and Polemical Treatment from Mercantilist to Multilateral Imperialism | |
| 260 |
_bZed Press Ltd, _c1978 |
||
| 300 | _a304 | ||
| 520 | _aThis book explains how the western world's economic system came into being and how the evolving contradictions of the western economies affected the character of their colonial expansion. Preface, Introduction, Feudalism and the rise of Mercantilist Imperialism, Competitive Capitalism and Free Trade Imperialism, Monopoly Capital and Modern Imperialism, Multilateral Imperialism, Neo-Colonialism under Multilateral Imperialism, Conclusion, Bibliography, Index. | ||
| 700 | 1 |
_aNabudere Dan _93249 |
|
| 942 | _cBK | ||
| 999 |
_c2549 _d2549 |
||